[Event "Plzen, JF D"]
[Site "?"]
[Date "1999.??.??"]
[Round "3.3"]
[White "Cap, J."]
[Black "Satanek, M."]
[Result "1-0"]
[WhiteElo "1830"]
[BlackElo "1475"]
[PlyCount "109"]
[EventDate "1999.??.??"]
[Source "ChessBase"]
[SourceDate "1996.11.15"]

1. e4 e6 2. d4 d5 3. Nd2 Nf6 4. e5 Nfd7 5. Bd3 c5 6. c3 Nc6 7. Ne2 Qb6 8. Nf3
cxd4 9. cxd4 f6 10. exf6 Bb4+ 11. Bd2 Nxf6 12. O-O Bd7 13. Re1 Bxd2 14. Qxd2
O-O-O 15. Rac1 Kb8 16. Nc3 h6 17. Qf4+ Qc7 18. Ne5 Nxe5 19. dxe5 Nh7 20. Nxd5
Qa5 21. Nc3 Qb6 22. b3 Bc6 23. Bf1 Rhf8 24. Qe3 Qxe3 25. Rxe3 Rd2 26. Re2 Rfd8
27. Rc2 R2d7 28. f3 Ng5 29. Kf2 Nf7 30. f4 Rd3 31. Ke1 R8d4 32. g3 g5 33. Red2
Re3+ 34. Ne2 Rb4 35. Rc4 Rxc4 36. bxc4 Re4 37. Rd4 Re3 38. Kd2 Re4 39. Bh3 gxf4
40. gxf4 Nxe5 41. fxe5 Rxe5 42. Nf4 Ra5 43. Nxe6 Rxa2+ 44. Ke3 a6 45. Rd2 Ra3+
46. Rd3 Ra2 47. Nd4 Rxh2 48. Nxc6+ bxc6 49. Kd4 h5 50. Kc5 Rc2 51. Kb6 Rb2+ 52.
Kxa6 Rb4 53. c5 Rb5 54. Rd8+ Kc7 55. Rc8# 1-0

[Event "Plzen, JF D"]
[Site "?"]
[Date "1999.??.??"]
[Round "3.4"]
[White "Drahorad, D."]
[Black "Studnicka, J."]
[Result "1/2-1/2"]
[WhiteElo "1720"]
[BlackElo "1250"]
[PlyCount "98"]
[EventDate "1999.??.??"]
[Source "ChessBase"]
[SourceDate "1996.11.15"]

1. e4 Nf6 2. Nc3 d6 3. f4 g6 4. Nf3 Bg7 5. d4 c6 6. Be3 Ng4 7. Qd2 Nxe3 8. Qxe3
Qb6 9. O-O-O e5 10. fxe5 dxe5 11. Bc4 O-O 12. Bb3 a5 13. Na4 Qa7 14. c4 b5 15.
cxb5 cxb5 16. Nc3 exd4 17. Nxd4 Qc5 18. Nc2 Qxe3+ 19. Nxe3 Bh6 20. Rhe1 Bg4 21.
Rd6 Rc8 22. Kb1 Bd7 23. Ncd5 Bf8 24. Nf6+ Kg7 25. Rxd7 Nxd7 26. Nxd7 Bb4 27.
Rf1 Bd2 28. Rxf7+ Kh6 29. Nc2 Ra7 30. Ne5 Rxf7 31. Nxf7+ Kg7 32. Nd6 Rf8 33. a4
bxa4 34. Bxa4 Rf1+ 35. Ka2 Rf2 36. Kb3 Rxg2 37. Nd4 Bc1 38. Nc4 Rxh2 39. e5
Rh3+ 40. Kc2 Be3 41. Bd7 Rh2+ 42. Kd3 Bxd4 43. Kxd4 Rh1 44. Kd5 Kf7 45. e6+ Ke7
46. Ne5 Rh5 47. Kd4 Kd6 48. Nc4+ Ke7 49. Ne5 Kd6 1/2-1/2

[Event "Plzen, JF D"]
[Site "?"]
[Date "1999.??.??"]
[Round "3.5"]
[White "Dolezal, Ru"]
[Black "Endler, B."]
[Result "1-0"]
[WhiteElo "1604"]
[BlackElo "1766"]
[PlyCount "47"]
[EventDate "1999.??.??"]
[Source "ChessBase"]
[SourceDate "1996.11.15"]

1. d4 Nf6 2. Nc3 d5 3. Bg5 e6 4. e4 dxe4 5. Bxf6 Qxf6 6. Nxe4 Qh6 7. Nf3 Be7 8.
c3 O-O 9. Bd3 Nd7 10. h4 c5 11. Neg5 f5 12. Qe2 Nb6 13. O-O-O cxd4 14. cxd4 Bd7
15. Rde1 Nd5 16. g3 Nb4 17. Bc4 Rf6 18. Kb1 f4 19. g4 Qg6+ 20. Qe4 Bc6 21. Qxg6
Rxg6 22. Rh3 h6 23. Bxe6+ Kf8 24. Ne5 1-0

[Event "Plzen, JF D"]
[Site "?"]
[Date "1999.??.??"]
[Round "3.6"]
[White "Orlicek, K."]
[Black "Smekal, Z."]
[Result "1/2-1/2"]
[WhiteElo "1674"]
[BlackElo "1897"]
[PlyCount "36"]
[EventDate "1999.??.??"]
[Source "ChessBase"]
[SourceDate "1996.11.15"]

1. d4 d5 2. Nf3 Nf6 3. Bg5 e6 4. e3 Be7 5. Nbd2 h6 6. Bh4 O-O 7. Bd3 Nbd7 8.
O-O c5 9. c3 Re8 10. Ne5 Nxe5 11. dxe5 Nd7 12. Bxe7 Qxe7 13. f4 f5 14. exf6
Nxf6 15. Bg6 Rf8 16. e4 Bd7 17. e5 Ne8 18. Qg4 Nc7 1/2-1/2

[Event "Plzen, JF D"]
[Site "?"]
[Date "1999.??.??"]
[Round "3.7"]
[White "Kasik, M."]
[Black "Zvolanek, J."]
[Result "1/2-1/2"]
[WhiteElo "1869"]
[BlackElo "1666"]
[PlyCount "62"]
[EventDate "1999.??.??"]
[Source "ChessBase"]
[SourceDate "1996.11.15"]

1. e4 e6 2. d4 d5 3. Nd2 c5 4. exd5 exd5 5. Bb5+ Nc6 6. Qe2+ Qe7 7. dxc5 Qxe2+
8. Nxe2 Bxc5 9. Nb3 Bb6 10. Ned4 Nge7 11. Be3 O-O 12. O-O-O a6 13. Bd3 Ne5 14.
Be2 Ng4 15. Bxg4 Bxg4 16. f3 Be6 17. Rhe1 Ng6 18. g3 Bxd4 19. Nxd4 Rac8 20. f4
Bg4 21. Rd3 Rfe8 22. Kd2 Nf8 23. Bf2 Rxe1 24. Bxe1 Ne6 25. Nxe6 fxe6 26. Rc3
Rxc3 27. Kxc3 Bf5 28. Kb3 Kf7 29. c3 Ke7 30. Kb4 Kd6 31. Bf2 Kc6 1/2-1/2

[Event "Plzen, JF D"]
[Site "?"]
[Date "1999.??.??"]
[Round "3.8"]
[White "Lener, J."]
[Black "Mencl, S."]
[Result "0-1"]
[WhiteElo "1783"]
[BlackElo "1634"]
[PlyCount "108"]
[EventDate "1999.??.??"]
[Source "ChessBase"]
[SourceDate "1996.11.15"]

1. Nf3 Nc6 2. d4 d5 3. Nc3 Nf6 4. Bg5 e6 5. e3 Be7 6. Be2 O-O 7. a3 Ne8 8. Bxe7
Nxe7 9. Qd2 Nd6 10. Bd3 b6 11. Ne2 c5 12. c3 Bd7 13. Ne5 Ba4 14. Ng3 c4 15. Bc2
Bxc2 16. Qxc2 Qc7 17. O-O Nef5 18. Nxf5 Nxf5 19. g4 Nd6 20. f4 f6 21. Nf3 f5
22. g5 Ne4 23. Qg2 a5 24. Nd2 Nxd2 25. Qxd2 b5 26. Rfb1 a4 27. Rf1 Qf7 28. Rf3
Qg6 29. Kh1 Kf7 30. Rg1 Rh8 31. Rfg3 Rag8 32. Qf2 h6 33. Rh3 hxg5 34. Rxh8 Rxh8
35. fxg5 Ke7 36. Qg3 Kd7 37. Qe5 Rh4 38. Rg2 Re4 39. Qb8 Rxe3 40. Qxb5+ Ke7 41.
Qc5+ Kf7 42. Qc7+ Kg8 43. Qb8+ Kh7 44. h4 Rh3+ 45. Rh2 Rxh2+ 46. Kxh2 Qh5 47.
Qg3 Qe2+ 48. Kh3 Qd3 49. Kg2 Qxg3+ 50. Kxg3 Kg6 51. Kf4 Kh5 52. Ke5 Kxh4 53. g6
Kg5 54. Kxe6 f4 0-1

[Event "Plzen, JF D"]
[Site "?"]
[Date "1999.??.??"]
[Round "3.9"]
[White "Konig, V."]
[Black "Simana, J."]
[Result "1/2-1/2"]
[WhiteElo "1649"]
[BlackElo "1684"]
[PlyCount "80"]
[EventDate "1999.??.??"]
[Source "ChessBase"]
[SourceDate "1996.11.15"]

1. e4 d6 2. d4 Nf6 3. Nc3 g6 4. f4 Bg7 5. Nf3 b6 6. Bd3 Bb7 7. e5 dxe5 8. dxe5
Nfd7 9. Bc4 e6 10. Qe2 Nc6 11. Be3 Qe7 12. Ba6 Bxa6 13. Qxa6 O-O 14. a3 Nc5 15.
Qc4 Na5 16. Qe2 Nab7 17. b4 Nd7 18. O-O c5 19. Rab1 Rfc8 20. Ne4 f5 21. Ned2
cxb4 22. axb4 Rxc2 23. Nd4 Rc7 24. N2f3 h6 25. Rfd1 Rac8 26. Qa6 Nd8 27. Nb5
Nb8 28. Qa3 Rc2 29. Qxa7 Bf8 30. Qxb6 Qb7 31. Qxb7 Nxb7 32. Nfd4 R2c4 33. Nxe6
Bxb4 34. Nd6 Nxd6 35. exd6 Kf7 36. d7 Nxd7 37. Rxd7+ Kxe6 38. Rb7 Bc5 39. Bxc5
R8xc5 40. R1b6+ Rc6 1/2-1/2

[Event "Plzen, JF D"]
[Site "?"]
[Date "1999.??.??"]
[Round "3.10"]
[White "Strejcek, P."]
[Black "Rerabek, J."]
[Result "0-1"]
[WhiteElo "1543"]
[BlackElo "1579"]
[PlyCount "86"]
[EventDate "1999.??.??"]
[Source "ChessBase"]
[SourceDate "1996.11.15"]

1. d4 Nf6 2. c4 g6 3. Nc3 Bg7 4. e4 d6 5. Nf3 O-O 6. Be2 e5 7. Be3 Nc6 8. d5
Ne7 9. h3 Nh5 10. Qd2 f5 11. Bh6 Nf6 12. Bxg7 Kxg7 13. Bd3 fxe4 14. Nxe4 Nxe4
15. Bxe4 a5 16. O-O b6 17. b3 Ng8 18. Qg5 Nf6 19. Bc2 Qe8 20. Rae1 Nh5 21. Qd2
Bxh3 22. Ng5 Bd7 23. f3 Ng3 24. Rf2 Qe7 25. Ne4 Qh4 26. Nxg3 Qxg3 27. Kf1 Rf4
28. Re4 Raf8 29. Rxf4 Rxf4 30. Qe3 Rh4 31. Ke2 Rh2 32. a4 Rxg2 33. Be4 Rxf2+
34. Qxf2 Qf4 35. Qf1 Bf5 36. Bxf5 Qxf5 37. Qc1 g5 38. Qd2 h5 39. Qd1 e4 40.
fxe4 Qxe4+ 41. Kf2 Kg6 42. Qd2 Qf4+ 43. Qxf4 gxf4 0-1

[Event "Plzen, JF D"]
[Site "?"]
[Date "1999.??.??"]
[Round "3.11"]
[White "Oskrobany, E."]
[Black "Jirusek, Z."]
[Result "0-1"]
[WhiteElo "1527"]
[BlackElo "1821"]
[PlyCount "76"]
[EventDate "1999.??.??"]
[Source "ChessBase"]
[SourceDate "1996.11.15"]

1. e4 e5 2. Nf3 Nf6 3. Nc3 Nc6 4. d4 exd4 5. Nxd4 Bb4 6. Nxc6 bxc6 7. Bd2 O-O
8. Bd3 Re8 9. O-O Bxc3 10. Bxc3 Nxe4 11. Qg4 Nxc3 12. bxc3 d5 13. Qa4 Bd7 14.
Qd4 Qe7 15. c4 Qe5 16. Qh4 g6 17. cxd5 cxd5 18. Qh6 c5 19. Qd2 Bc6 20. Qa5 c4
21. Rfe1 Qd4 22. Bf1 Qb6 23. Qc3 Rxe1 24. Rxe1 Re8 25. Rxe8+ Bxe8 26. Qe5 Qe6
27. Qb8 a6 28. a4 Kg7 29. a5 Bb5 30. Qg3 Qe1 31. f3 Qxg3 32. hxg3 Kf6 33. Kf2
Ke5 34. c3 d4 35. cxd4+ Kxd4 36. Ke2 c3+ 37. Ke1 Bxf1 38. Kxf1 c2 0-1

[Event "Plzen, JF D"]
[Site "?"]
[Date "1999.??.??"]
[Round "3.12"]
[White "Vaindl, P."]
[Black "Beran, J."]
[Result "0-1"]
[WhiteElo "1550"]
[BlackElo "1550"]
[PlyCount "88"]
[EventDate "1999.??.??"]
[Source "ChessBase"]
[SourceDate "1996.11.15"]

1. d4 d5 2. Nf3 e6 3. c4 Nf6 4. e3 Nc6 5. a3 g6 6. c5 b6 7. Bb5 Bd7 8. b4 a6 9.
Ba4 b5 10. Bb3 a5 11. bxa5 Nxa5 12. Nc3 Bg7 13. Bb2 c6 14. O-O Nxb3 15. Qxb3
O-O 16. Nd2 Qc7 17. Rfe1 Ng4 18. g3 e5 19. Rad1 exd4 20. exd4 Bxd4 21. Nxd5
Bxf2+ 22. Kg2 cxd5 23. Re2 Qc6 24. Rxf2 d4+ 25. Kg1 Nxf2 26. Kxf2 Be6 27. Qd3
Rad8 28. Bxd4 Bf5 29. Qc3 f6 30. Qe3 Rde8 31. Qf4 Qe6 32. Be3 g5 33. Qd4 Rd8
34. Qb2 Rd3 35. Re1 Re8 36. Nf1 Bh3 37. Qxb5 Bxf1 38. Kxf1 Rxe3 39. Rxe3 Qxe3
40. Qc4+ Kg7 41. Qd5 Qe1+ 42. Kg2 Qe4+ 43. Qxe4 Rxe4 44. Kf3 Rc4 0-1

[Event "Plzen, JF D"]
[Site "?"]
[Date "1999.??.??"]
[Round "3.13"]
[White "Cigan, K."]
[Black "Fakan, P."]
[Result "1-0"]
[WhiteElo "1550"]
[BlackElo "1550"]
[PlyCount "77"]
[EventDate "1999.??.??"]
[Source "ChessBase"]
[SourceDate "1996.11.15"]

1. e4 e5 2. Nf3 Nc6 3. Bb5 a6 4. Ba4 d6 5. h3 f5 6. d4 Nf6 7. d5 b5 8. dxc6
bxa4 9. exf5 Bxf5 10. Nc3 Be7 11. Qe2 O-O 12. Bg5 Qe8 13. Qc4+ Kh8 14. O-O-O
Qg6 15. Qxa4 Rfb8 16. g4 Be6 17. Bxf6 Bxf6 18. Ne4 Rb6 19. a3 d5 20. Nc5 Bg8
21. c3 d4 22. Qc2 Bg5+ 23. Nxg5 Qxg5+ 24. Rd2 Rxc6 25. b4 a5 26. Kb2 dxc3+ 27.
Qxc3 axb4 28. axb4 Ra2+ 29. Kc1 Rd6 30. Ne4 Rdxd2 31. Nxg5 h6 32. Ne4 Re2 33.
f3 Bc4 34. Nd2 Rexd2 35. Qxd2 Rxd2 36. Kxd2 Bd5 37. Ke3 g5 38. Rd1 Bb3 39. Rd8+
1-0

[Event "Plzen, JF D"]
[Site "?"]
[Date "1999.??.??"]
[Round "4.1"]
[White "Adamek, F."]
[Black "Liska, J."]
[Result "1-0"]
[WhiteElo "1961"]
[BlackElo "1935"]
[PlyCount "115"]
[EventDate "1999.??.??"]
[Source "ChessBase"]
[SourceDate "1996.11.15"]

1. e4 Nf6 2. e5 Nd5 3. c4 Nb6 4. c5 Nd5 5. Bc4 e6 6. d4 d6 7. cxd6 cxd6 8. exd6
Bxd6 9. Nc3 Nb6 10. Bb3 Nc6 11. Nf3 Be7 12. O-O Bf6 13. d5 Bxc3 14. dxc6 Qxd1
15. Rxd1 Bf6 16. Bg5 bxc6 17. Bxf6 gxf6 18. Rac1 Bb7 19. a4 Ke7 20. Nd4 Rac8
21. a5 Nd5 22. Ba4 c5 23. Nb5 a6 24. Na3 Rhd8 25. g3 Nb4 26. Rxd8 Kxd8 27. Rc4
Ke7 28. Rh4 Rd8 29. Rxh7 Nd3 30. Nc4 Bd5 31. b3 Be4 32. Rh4 f5 33. f4 Nc1 34.
Rh7 Bc2 35. Ne5 Rd1+ 36. Kg2 Bxb3 37. Rxf7+ Kd8 38. Bxb3 Nxb3 39. h4 Rd2+ 40.
Kh3 Rd1 41. Ra7 Nd2 42. Rxa6 Nf1 43. Kg2 Ne3+ 44. Kf3 Nc2 45. Ke2 Rg1 46. Kf2
Ra1 47. Rxe6 Nb4 48. Rf6 Ra2+ 49. Kg1 Rxa5 50. Rxf5 Ra2 51. h5 Ke7 52. Rf7+ Ke6
53. Rc7 Na6 54. Ra7 Kf5 55. h6 Ra1+ 56. Kh2 Ra2+ 57. Kh3 c4 58. h7 1-0

[Event "Plzen, JF D"]
[Site "?"]
[Date "1999.??.??"]
[Round "4.2"]
[White "Fuchs, F."]
[Black "Dolezal, Ru"]
[Result "1/2-1/2"]
[WhiteElo "1937"]
[BlackElo "1604"]
[PlyCount "126"]
[EventDate "1999.??.??"]
[Source "ChessBase"]
[SourceDate "1996.11.15"]

1. c4 f5 2. Nc3 Nf6 3. d4 e6 4. Nf3 d5 5. Bg5 c6 6. e3 Be7 7. Bd3 Ne4 8. Bxe7
Qxe7 9. Ne5 g6 10. O-O Nd7 11. Nxd7 Bxd7 12. f3 Nxc3 13. bxc3 O-O 14. Qe2 a6
15. c5 e5 16. f4 e4 17. Bc2 Be8 18. Rab1 Rf7 19. Rb6 g5 20. fxg5 Qxg5 21. Rfb1
Ra7 22. Bd1 Rg7 23. R6b2 h5 24. Qf2 h4 25. Qf4 Qxf4 26. exf4 Kh7 27. Be2 Kh6
28. Kf2 Bh5 29. Bf1 Re7 30. Ke3 Bg4 31. Rb6 Kg7 32. c4 dxc4 33. Bxc4 Bh5 34. d5
cxd5 35. Bxd5 Bf7 36. Bxb7 Rc7 37. Bc6 Bxa2 38. Rc1 a5 39. Ba4 Ra8 40. c6 Rac8
41. Rc5 Kf6 42. Rxa5 Be6 43. Rb7 Ke7 44. Rxc7+ Rxc7 45. Kd4 Kd6 46. g3 hxg3 47.
hxg3 Rg7 48. c7 Rxc7 49. Ra6+ Ke7 50. Bc6 Kf7 51. g4 Re7 52. gxf5 Bxf5 53. Ke3
Kg7 54. Ra4 Kh6 55. Bxe4 Kg6 56. Kf3 Bxe4+ 57. Rxe4 Rxe4 58. Kxe4 Kf6 59. f5
Ke7 60. Ke5 Kf7 61. f6 Kf8 62. Kf5 Kf7 63. Kg5 Kf8 1/2-1/2

[Event "Plzen, JF D"]
[Site "?"]
[Date "1999.??.??"]
[Round "4.3"]
[White "Drahorad, D."]
[Black "Cap, J."]
[Result "0-1"]
[WhiteElo "1720"]
[BlackElo "1830"]
[PlyCount "78"]
[EventDate "1999.??.??"]
[Source "ChessBase"]
[SourceDate "1996.11.15"]

1. e4 c5 2. Nc3 Nc6 3. f4 e6 4. Nf3 d5 5. e5 Nge7 6. Nb5 Nf5 7. c3 a6 8. Na3
Bd7 9. Nc2 Qb6 10. Bd3 Nfe7 11. Be2 d4 12. c4 Nb4 13. Nxb4 cxb4 14. Bd3 Nc6 15.
b3 Be7 16. O-O O-O-O 17. a3 h6 18. Kh1 g5 19. Be4 f5 20. exf6 Bxf6 21. Bxc6
Bxc6 22. axb4 gxf4 23. b5 axb5 24. cxb5 Bxb5 25. d3 e5 26. Bd2 Qd6 27. Ba5 b6
28. Qc2+ Kd7 29. Be1 Ra8 30. Rd1 Rhc8 31. Qe2 Qd5 32. Bh4 Bh8 33. Rfe1 Re8 34.
Nd2 Ra2 35. Ra1 Rea8 36. Rac1 Rg8 37. Rg1 Bc6 38. Rcd1 Qf7 39. Qe1 f3 0-1

[Event "Plzen, JF D"]
[Site "?"]
[Date "1999.??.??"]
[Round "4.4"]
[White "Mencl, S."]
[Black "Studnicka, J."]
[Result "1-0"]
[WhiteElo "1634"]
[BlackElo "1250"]
[PlyCount "97"]
[EventDate "1999.??.??"]
[Source "ChessBase"]
[SourceDate "1996.11.15"]

1. e4 d6 2. d4 Nf6 3. Nc3 g6 4. f4 Bg7 5. Be2 c6 6. Nf3 O-O 7. O-O b5 8. e5
dxe5 9. fxe5 Nd5 10. Nxd5 Qxd5 11. c3 Nd7 12. Ng5 Nb6 13. Bf3 Qd7 14. Ne4 Qc7
15. Bf4 Nd5 16. Bd2 f6 17. exf6 exf6 18. Nc5 Bf5 19. Qb3 Qd8 20. c4 bxc4 21.
Qxc4 Kh8 22. Rae1 Qd6 23. Bxd5 Qxd5 24. Qxd5 cxd5 25. Re7 Rfc8 26. Ne6 Bxe6 27.
Rxe6 f5 28. Bc3 Rc4 29. Rd1 Rd8 30. Re7 a5 31. Bxa5 Bxd4+ 32. Rxd4 Rc1+ 33. Kf2
Rc2+ 34. Rd2 Rxd2+ 35. Bxd2 d4 36. a4 Rc8 37. Rd7 Rc2 38. Rxd4 Rxb2 39. a5 Ra2
40. Ke3 Kg7 41. Rd7+ Kf6 42. Bc3+ Kg5 43. Bd2 f4+ 44. Ke2 h5 45. Rd6 Kg4 46.
Rxg6+ Kh4 47. Kd3 Ra3+ 48. Ke4 Ra2 49. Be1+ 1-0

[Event "Plzen, JF D"]
[Site "?"]
[Date "1999.??.??"]
[Round "4.5"]
[White "Smekal, Z."]
[Black "Zvolanek, J."]
[Result "1/2-1/2"]
[WhiteElo "1894"]
[BlackElo "1666"]
[PlyCount "70"]
[EventDate "1999.??.??"]
[Source "ChessBase"]
[SourceDate "1996.11.15"]

1. Nf3 Nf6 2. c4 c5 3. Nc3 d5 4. cxd5 Nxd5 5. g3 Nc6 6. Bg2 Nc7 7. O-O e5 8. d3
Be7 9. Nd2 Be6 10. Nc4 f6 11. f4 exf4 12. gxf4 Qd7 13. Qa4 O-O 14. Ne3 f5 15.
Nc4 Bf6 16. Be3 Nd4 17. Qxd7 Bxd7 18. Bxb7 Rab8 19. Bg2 Nc2 20. Bxc5 Nxa1 21.
Bxf8 Kxf8 22. Rxa1 Be6 23. Rc1 Bxc4 24. dxc4 Bd4+ 25. Kf1 Rxb2 26. Nd1 Rxa2 27.
e3 Bc5 28. h3 a5 29. Bf3 Na6 30. Be2 Be7 31. Nc3 Ra3 32. Kf2 Bf6 33. Nd5 Ra1
34. Rxa1 Bxa1 35. Bd3 g6 1/2-1/2

[Event "Plzen, JF D"]
[Site "?"]
[Date "1999.??.??"]
[Round "4.6"]
[White "Satanek, M."]
[Black "Kasik, M."]
[Result "1/2-1/2"]
[WhiteElo "1475"]
[BlackElo "1869"]
[PlyCount "90"]
[EventDate "1999.??.??"]
[Source "ChessBase"]
[SourceDate "1996.11.15"]

1. b4 d5 2. Bb2 Nd7 3. Nf3 Ngf6 4. e3 e6 5. a3 c5 6. bxc5 Bxc5 7. d4 Bd6 8.
Nbd2 O-O 9. c4 b6 10. cxd5 exd5 11. Bb5 Bb7 12. O-O a6 13. Bd3 Qe7 14. Qb3 Rfc8
15. Rfc1 Qd8 16. Bf5 Rxc1+ 17. Rxc1 Rc8 18. Rxc8 Bxc8 19. a4 Qc7 20. Qc3 Qxc3
21. Bxc3 Bb7 22. Bd3 Nb8 23. Bc2 Nc6 24. Ne1 Nb4 25. Bb3 Kf8 26. Nc2 Nxc2 27.
Bxc2 Ke7 28. h3 Kd7 29. Kf1 Kc7 30. Ke2 g6 31. Kd1 Nd7 32. Kc1 Nb8 33. Kb2 Nc6
34. Kb3 b5 35. axb5 axb5 36. Nf3 f6 37. h4 b4 38. Bd2 Ba6 39. h5 gxh5 40. Bxh7
Kb6 41. Bg6 Na5+ 42. Kb2 Bb5 43. Bxh5 Nc4+ 44. Kb3 Na5+ 45. Kb2 Nc4+ 1/2-1/2

[Event "Plzen, JF D"]
[Site "?"]
[Date "1999.??.??"]
[Round "4.7"]
[White "Horyna, J."]
[Black "Orlicek, K."]
[Result "1-0"]
[WhiteElo "1831"]
[BlackElo "1674"]
[PlyCount "136"]
[EventDate "1999.??.??"]
[Source "ChessBase"]
[SourceDate "1996.11.15"]

1. e4 d5 2. exd5 Qxd5 3. Nc3 Qa5 4. Nf3 Nf6 5. Be2 c6 6. O-O Bf5 7. d3 Nbd7 8.
Bd2 Qc7 9. b4 e6 10. Rb1 Bd6 11. h3 h6 12. Nd4 Bh7 13. a4 e5 14. Nf3 Bf5 15.
Nh4 Be6 16. Ne4 Be7 17. Nf3 Nd5 18. c4 Nf4 19. Bxf4 exf4 20. d4 f5 21. Nc5 Nxc5
22. bxc5 Rd8 23. Qb3 Rd7 24. Ne5 Rxd4 25. Ng6 Rg8 26. Nxe7 Kxe7 27. Qxb7 Qxb7
28. Rxb7+ Rd7 29. Rfb1 Rgd8 30. Bf3 Rxb7 31. Rxb7+ Rd7 32. Bxc6 Rxb7 33. Bxb7
Bxc4 34. Bc8 Bb3 35. a5 Be6 36. Ba6 Kd7 37. Bb5+ Kc7 38. Kf1 Bd7 39. Bd3 Kc6
40. Ke2 Kxc5 41. Kd2 Kb4 42. a6 Bb5 43. Bxf5 Bxa6 44. h4 Bc4 45. g3 fxg3 46.
fxg3 a5 47. Kc2 a4 48. g4 a3 49. g5 hxg5 50. hxg5 Kc5 51. Kc3 Bd5 52. Bd3 Kd6
53. Bc2 Ke5 54. Bd3 Kf4 55. g6 Be4 56. Bc4 Ke5 57. Bb5 Bxg6 58. Kb3 Be4 59.
Kxa3 Kf4 60. Kb4 g5 61. Bd7 Bf5 62. Bc6 g4 63. Kc4 Be4 64. Bd7 g3 65. Bh3 Bf5
66. Bg2 Ke3 67. Kd5 Bg4 68. Ke5 Kf2 1-0

[Event "Plzen, JF D"]
[Site "?"]
[Date "1999.??.??"]
[Round "4.8"]
[White "Jirusek, Z."]
[Black "Konig, V."]
[Result "1-0"]
[WhiteElo "1821"]
[BlackElo "1649"]
[PlyCount "125"]
[EventDate "1999.??.??"]
[Source "ChessBase"]
[SourceDate "1996.11.15"]

1. e4 e5 2. Nf3 d6 3. d4 exd4 4. Nxd4 Nf6 5. Nc3 Be7 6. Bc4 O-O 7. O-O Nbd7 8.
Bg5 h6 9. Bxf6 Nxf6 10. Qd3 Re8 11. Rfe1 c6 12. Rad1 Qc7 13. a4 Bd7 14. b4 d5
15. exd5 Bxb4 16. Rxe8+ Rxe8 17. dxc6 bxc6 18. Nce2 Bd6 19. Ng3 Bg4 20. f3 Bc8
21. Ndf5 Bxf5 22. Nxf5 Bxh2+ 23. Kh1 Bg3 24. Nxh6+ gxh6 25. Qg6+ Kf8 26. Qxf6
Re1+ 27. Rxe1 Bxe1 28. Qh8+ Ke7 29. Bxf7 Qg3 30. Qe8+ Kf6 31. Be6 Qh4+ 32. Bh3
Bf2 33. Qxc6+ Ke5 34. c3 Bb6 35. Qe6+ Kf4 36. Qe4+ Kg3 37. Qe1+ Bf2 38. Qe5+
Qf4 39. Qg7+ Qg5 40. Qc7+ Qf4 41. Qxf4+ Kxf4 42. Kh2 Bg3+ 43. Kg1 Ke3 44. Bf5
Ke2 45. c4 a5 46. c5 Ke1 47. Bd3 Kd2 48. Bb5 Ke1 49. c6 h5 50. c7 Bxc7 51. g4
hxg4 52. fxg4 Kd2 53. Kf2 Be5 54. Kf3 Kc3 55. Ke4 Bh8 56. g5 Kb4 57. Kf5 Kc5
58. Kg6 Kd6 59. Kf7 Bc3 60. g6 Bd4 61. g7 Bxg7 62. Kxg7 Ke7 63. Be2 1-0

[Event "Plzen, JF D"]
[Site "?"]
[Date "1999.??.??"]
[Round "4.9"]
[White "Simana, J."]
[Black "Rerabek, J."]
[Result "0-1"]
[WhiteElo "1684"]
[BlackElo "1579"]
[PlyCount "48"]
[EventDate "1999.??.??"]
[Source "ChessBase"]
[SourceDate "1996.11.15"]

1. d4 Nf6 2. Nf3 g6 3. Bg5 Bg7 4. c3 O-O 5. Nbd2 d6 6. e4 e5 7. dxe5 dxe5 8.
Nxe5 Re8 9. Nef3 Bg4 10. Be2 h6 11. Bxf6 Bxf6 12. O-O Nd7 13. Qc2 Qe7 14. Rfe1
Bg7 15. Rad1 Rad8 16. h3 Be6 17. b3 Nf6 18. Bd3 Nh5 19. Kh2 Qd6+ 20. g3 Qxd3
21. Qc1 Qxc3 22. g4 Nf4 23. e5 Qxc1 24. Rxc1 Nd3 0-1

[Event "Plzen, JF D"]
[Site "?"]
[Date "1999.??.??"]
[Round "4.10"]
[White "Endler, B."]
[Black "Lener, J."]
[Result "1-0"]
[WhiteElo "1766"]
[BlackElo "1783"]
[PlyCount "42"]
[EventDate "1999.??.??"]
[Source "ChessBase"]
[SourceDate "1996.11.15"]

1. e4 c5 2. c3 e5 3. d4 cxd4 4. cxd4 Bb4+ 5. Bd2 Bxd2+ 6. Qxd2 exd4 7. Qxd4 Nf6
8. Qe5+ Kf8 9. Qd6+ Qe7 10. Qxe7+ Kxe7 11. Nc3 Nc6 12. O-O-O d6 13. f3 Be6 14.
Nge2 Rac8 15. Kb1 Bc4 16. Nd4 Nxd4 17. Rxd4 Bxf1 18. Rxf1 a6 19. Rfd1 Rhd8 20.
g4 g5 21. Ne2 Rc5 1-0

[Event "Plzen, JF D"]
[Site "?"]
[Date "1999.??.??"]
[Round "4.11"]
[White "Beran, J."]
[Black "Strejcek, P."]
[Result "1-0"]
[WhiteElo "1550"]
[BlackElo "1543"]
[PlyCount "72"]
[EventDate "1999.??.??"]
[Source "ChessBase"]
[SourceDate "1996.11.15"]

1. d4 Nf6 2. c4 g6 3. Nc3 Bg7 4. g3 O-O 5. Bg2 d6 6. e3 Nc6 7. Nf3 e5 8. d5 Ne7
9. e4 Nh5 10. O-O f5 11. exf5 Bxf5 12. Nh4 Bd7 13. Bg5 Nf6 14. Qd2 b6 15. Ne4
Nf5 16. Nxf5 Bxf5 17. f4 exf4 18. Bxf6 Bxf6 19. Nxf6+ Rxf6 20. Qxf4 Kg7 21. Qd4
Kf7 22. g4 Bd3 23. Qxd3 Kg8 24. Qd4 Rxf1+ 25. Rxf1 Qd7 26. h3 Re8 27. Qf6 Qg7
28. Qxg7+ Kxg7 29. Kf2 g5 30. Re1 Rxe1 31. Kxe1 Kf6 32. Kf2 Ke5 33. Ke3 h6 34.
b4 Kf6 35. Ke4 Kg7 36. Kf5 Kf7 1-0

[Event "Plzen, JF D"]
[Site "?"]
[Date "1999.??.??"]
[Round "4.13"]
[White "Fakan, P."]
[Black "Oskrobany, E."]
[Result "1-0"]
[WhiteElo "1550"]
[BlackElo "1527"]
[PlyCount "95"]
[EventDate "1999.??.??"]
[Source "ChessBase"]
[SourceDate "1996.11.15"]

1. e4 e5 2. Nf3 Nc6 3. c3 Nf6 4. Qa4 a6 5. Be2 Bc5 6. d4 exd4 7. cxd4 Bb6 8.
Bg5 h6 9. Bh4 g5 10. Nxg5 hxg5 11. Bxg5 Bxd4 12. Nc3 Bxc3+ 13. bxc3 d6 14. O-O
Bd7 15. f4 Ne7 16. Qd4 Neg8 17. e5 Be6 18. exf6 c5 19. Qe3 Kd7 20. Rad1 Qb6 21.
f5 Bxa2 22. c4 Qb3 23. Qxc5 Qa4 24. Rxd6+ Ke8 25. Re1 Ne7 26. Bd1 Qxc4 27.
Rxe7+ Kf8 28. Qxc4 Bxc4 29. Rdd7 b5 30. Be2 Bb3 31. Be3 Rh7 32. Bc5 Kg8 33. Re3
Bc2 34. Rg3+ Kh8 35. Rf3 Kg8 36. g4 Rh4 37. g5 Rg4+ 38. Rg3 Rxg3+ 39. hxg3 Bxf5
40. Re7 Bg6 41. Bd1 Bd3 42. Re3 Bc4 43. Ba3 a5 44. Bb3 Bxb3 45. Rxb3 b4 46. Bc1
Kh7 47. g4 Kg6 {#} 48. Rh3 1-0

[Event "Plzen, JF D"]
[Site "?"]
[Date "1999.??.??"]
[Round "5.1"]
[White "Cap, J."]
[Black "Adamek, F."]
[Result "0-1"]
[WhiteElo "1830"]
[BlackElo "1961"]
[PlyCount "44"]
[EventDate "1999.??.??"]
[Source "ChessBase"]
[SourceDate "1996.11.15"]

1. e4 c5 2. Nf3 e6 3. d4 cxd4 4. Nxd4 Nf6 5. Nc3 d6 6. Be2 a6 7. Be3 b5 8. Qd2
Bb7 9. f3 Nbd7 10. O-O-O Rc8 11. g4 Nb6 12. g5 Nfd7 13. Rhg1 Ne5 14. b3 d5 15.
Nb1 dxe4 16. f4 Nc6 17. Qe1 Qc7 18. c4 bxc4 19. bxc4 Nxd4 20. Rxd4 Bc5 21. Qc3
Bxd4 22. Qxd4 Nxc4 0-1

[Event "Plzen, JF D"]
[Site "?"]
[Date "1999.??.??"]
[Round "5.2"]
[White "Liska, J."]
[Black "Fuchs, F."]
[Result "0-1"]
[WhiteElo "1935"]
[BlackElo "1937"]
[PlyCount "85"]
[EventDate "1999.??.??"]
[Source "ChessBase"]
[SourceDate "1996.11.15"]

1. c4 c6 2. Nc3 d5 3. cxd5 cxd5 4. Nf3 Nf6 5. d4 Nc6 6. Bg5 Ne4 7. g3 Nxg5 8.
Nxg5 e5 9. Nf3 e4 10. Ne5 Be6 11. Nxc6 bxc6 12. a3 Rb8 13. b4 a5 14. b5 cxb5
15. e3 b4 16. Bb5+ Bd7 17. Bxd7+ Qxd7 18. Qb3 Rd8 19. Na4 Be7 20. Nc5 Qb5 21.
axb4 axb4 22. Qa4 Qxa4 23. Rxa4 Rb8 24. Kd2 Bxc5 25. dxc5 Kd7 26. Ra7+ Ke6 27.
Ra6+ Ke5 28. Rb1 Rb5 29. Rb6 Rxc5 30. R6xb4 Rhc8 31. R4b2 g5 32. g4 R8c6 33.
Rb6 Rc2+ 34. Kd1 Rxb6 35. Rxb6 Rxf2 36. Rh6 d4 37. exd4+ Kxd4 38. Ke1 Ke3 39.
Rxh7 Rg2 40. Kf1 Rxg4 41. Rxf7 Rf4+ 42. Rxf4 Kxf4 43. Kf2 0-1